Elogio del niente /

Gespeichert in:
Bibliographische Detailangaben
1. Verfasser: Franzoni, Mauro (Verfasst von)
Weitere Verfasser: Rotino, Sergio
Format: Buch
Sprache:Italienisch
Veröffentlicht: Castel Maggiore : Book, 1995
Schriftenreihe:Minerva
Tags: Tag hinzufügen
Keine Tags, Fügen Sie das erste Tag hinzu!

MARC

LEADER 00000nam a22000007i 4500
001 IT\ICCU\BVE\0067652
003 ItRI
005 20260115231921.0
008 950314s1995 it |||||| ||||| |||||c
020 |a 8872321891 
040 |b ita  |c importazione bologna sebina 
041 7 |a ita  |2 ISO-639-2 
100 1 |a Franzoni, Mauro  |0 IT\ICCU\CFIV\136759  |4 aut 
240 1 0 |a Elogio del niente  |3 IT\ICCU\UBO\4864244  |9 Franzoni, Mauro 
245 1 0 |a Elogio del niente /  |c Mauro Franzoni ; con un a nota di Sergio Rotino. 
260 |a Castel Maggiore :  |b Book,  |c 1995 
300 |a 75 p. ;  |c 21 cm. 
700 1 |a Rotino, Sergio  |0 IT\ICCU\CFIV\138514 
830 0 |a Minerva  |0 IT\ICCU\CFI\0144478 
942 |2 ddc  |c BK  |n 0 
952 |0 0  |1 0  |4 0  |6 DOC_851_000000000000000_FRA  |7 0  |9 16462  |a BO  |b BO  |d 2026-01-15  |i 19893  |l 0  |o DOC 851 FRA  |p BO19893  |r 2026-01-15 23:19:21  |w 2026-01-15  |x [Sebina 5] [1 v.]  |y BK  |z 1 v. 
999 |c 14114  |d 14114